000 00675nam a2200241 i 4500
001 C2-0275644
003 PPAK
005 20180728004342.0
008 061106s2006 enka|||| ||||| | eng d
020 _a1904902561
040 _aPPAK
_beng
_cPPAK
_erda
082 0 4 _a153
_223
090 0 0 _a153
_bMID
_dR
100 1 _aMiddleton, John,
_eauthor
245 1 0 _aUpgrade your brain :
_b52 brilliant ideas ...
264 1 _aOxford :
_bThe Infinite Ideas Company ,
_c2006
300 _axviii, 238 pages :
_billustrations ;
_c21 cm
336 _2rdacontent
_atext
337 _2rdamedia
_aunmediated
338 _2rdacarrier
_avolume
650 1 0 _aIntellect.
942 _ddc
_cB
999 _c83261
_d83261